• 首页
  • 本馆介绍
  • 公告通知
  • 最新文献
  • 馆藏检索
  • 电子资源
  • 读者导购
  • 参考咨询
  • 我的图书馆
  • 登录
  • 详细信息显示
  • 放入我的书架
  • 预约/预借图书
  • 作者相关作品
  • 分类相关作品
  • 丛书相关作品
  • 出版社相关作品

书目信息

  • 表格格式
  • 工作单格式
  • 卡片格式
题名:
主题标引与索引技术
    
 
作者: 傅兰生 编
分册:  
出版信息: 北京   科学技术文献出版社  1987
页数: 96页
开本: 19cm
丛书名: 科技情报业务丛书
单 册:
中图分类: G254.21
科图分类:
主题词: 主题标引 , 主题索引 , 图书馆学 , 图书馆事业
电子资源:
ISBN:
000 00788nam2 2200301 45
001 0187002267
005 20040425154505.9
010    @dCNY0.70
091    @a17176.515
100    @a19900808d1987 km y0chiy0121 ea
101 0  @achi
102    @aCN@b110000
105    @ay z 000yy
106    @ar
200 10 @a主题标引与索引技术@Azhu ti biao yin yu suo yin ji shu@f傅兰生编
210    @a北京@c科学技术文献出版社@d1987
215    @a96页@d19cm
225 2  @a科技情报业务丛书
410  0 @120010@a科技情报业务丛书
606    @a主题标引
606    @a主题索引
606 0  @a图书馆学
606 0  @a图书馆事业
690    @aG254.21
701  0 @a傅兰生@Afu lan sheng@4编
801  0 @aCN@b深圳图书馆@c20040425
801  2 @aCN@bNLC@c20040425
905    @f4@b209675-678@dG254.21@e36
    
    主题标引与索引技术/傅兰生编.-北京:科学技术文献出版社,1987
    96页;19cm.-(科技情报业务丛书)
    
    
    ISBN :CNY0.70
    
●
相关链接 在E读中查询图书 在五车中查询图书 在当当中查询图书 在豆瓣中查询图书


正题名:主题标引与索引技术     索取号:G254.21/36         预约/预借

序号 登录号 条形码 馆藏地/架位号 状态 备注
1 0209675   000502619   密集书库/ [索取号:G254.21/36] 在馆    
2 0209676   000502593   密集书库/ [索取号:G254.21/36] 在馆    
3 0209677   000502584   密集书库/ [索取号:G254.21/36] 在馆    
4 0209678   000502600   密集书库/ [索取号:G254.21/36] 在馆    
5 0209679   000502628   第一样本阅览室/ [索取号:G254.21/36] 在馆    
唐山师范学院图书馆 欢迎您!
大连网信软件有限公司© 版权所有